01605nam a2200373 i 4500001001000000003000900010005001700019007000300036008004100039020001800080040003000098082002300128100006200151245019400213250002300407264013600430300004500566336002700611337003300638338002800671490001100699490001800710500007200728590002700800650003400827700003700861700004300898700004800941700003900989910003501028942001401063952013701077999001701214000028648DO-SdBNP20240628115240.0ta110411s2010 dr 000 0 spa d a9789945003765 aDO-SdBNPbspacBNPHUerda 4a617.645bG216m2221 aGarcía-Godoy Mosher, Federico M. ,d1949-937042eautor10aManual de odontología pediátrica clínica /cFederico M. García-Godoy M. ; Federico García-Godoy, Cristina García-Godoy Mieses ; colaboradores, Pedro A. Ricart Reyes, Rocio Matos aPrimera edición  aSanto Domingo :bEscuela Iberoamericana de Graduados de Odontología :b Asociación Dominicana de Odontología Familiar,c2010. a372 páginas :bilustraciones ,c21 cm. 2rdacontentatextobtxt 2rdamediaasin mediaciónbn 2rdacarrieravolumenbnc aAIBOFA aDiplomadosv2 aIncluye referencias bibliográficas y notas al pie de las paginas  aInventariado, 2022/MFF 4aOdontología infantil9215831 aGarcía-Godoy, Federico 9783521 aGarcía-Godoy Mieses, Cristina9556181 aRicart Reyes, Pedro A.,ecolaborador9556141 aMatos, Rocio,ecolaboradora955611 aBtavárez. Validado, 2024/MFF 2ddccLBS1 00102ddc56708DS-RaBNPHUbBNPHUcHDd2011-04-11eDeposito legaloBNPHU PD 617.645 G216m p28648-10r2020-06-25w2020-06-25yLBS1 c28140d28140